Same Letter Countries & Capitals - Statistics

General Stats
  • This quiz has been taken 39 times
  • The average score is 21 of 30
Answer Stats
Capital City % Correct
B Brasilia
94%
S Singapore
91%
M Monaco
88%
B Brussels
85%
G Guatemala City
85%
L Luxembourg
85%
M Mexico City
85%
P Panama City
85%
V Vatican City
85%
A Algiers
82%
K Kuwait City
82%
S Stockholm
82%
A Andorra La Vella
79%
D Djibouti
79%
S San Marino
76%
S Seoul
73%
G Georgetown
70%
T Tunis
70%
S São Tomé
67%
T Taipei
67%
M Malé
64%
B Bandar Seri Begawan
61%
B Belmopan
61%
S Sri Jayawardenepura Kotte
61%
B Bridgetown
58%
M Maputo
55%
N Niamey
55%
P Port Moresby
55%
M Majuro
45%
B Bujumbura
21%
No matching quizzes found
Score Distribution
Percent of People with Each Score
Percentile by Number Answered
Your Score History
You have not taken this quiz